| 000 | 00651nam a2200193 a 4500 | ||
|---|---|---|---|
| 001 | 000042831 | ||
| 005 | 20201002040429.0 | ||
| 008 | 140211s1997 sp ac 000 0 spa d | ||
| 020 | _a844930377X | ||
| 040 |
_aDO-SdBNP _bspa _cBNPHU |
||
| 082 |
_axxx _bQ77c |
||
| 100 | 1 |
_aQuintana, Ángel, _d1960- _970201 |
|
| 245 | 1 | 3 |
_aEl cine italiano, 1942-1961 : _bdel neorrealismo a la modernidad / _cÁngel Quintana ; prólogo de Francesco Casetti. |
| 260 |
_aBarcelona : _bPaidós, _c1997. |
||
| 300 |
_a267 p. : _bil., retrs. ; _c20 cm. |
||
| 490 | 1 |
_aPaidós studio _v124 |
|
| 700 | 1 | 2 |
_aCasetti, Francesco _epról. _970202 |
| 830 | 0 |
_aPaidós studio _n124 _970203 |
|
| 999 |
_c42320 _d42320 |
||